[Event "Belgorod Elo"]
[Site "Belgorod"]
[Date "2007.06.06"]
[Round "9"]
[White "Da Silva Borges, Rodrigo"]
[Black "Miroshnikov, Evgenij V"]
[Result "1-0"]
[WhiteElo "2197"]
[BlackElo "1923"]
[PlyCount "47"]
[EventDate "2007.06.01"]
[EventType "tourn"]
[EventRounds "17"]
[EventCountry "RUS"]
[SourceTitle "EXT 2009"]
[Source "ChessBase"]
[SourceDate "2008.11.26"]
[SourceVersion "1"]
[SourceVersionDate "2008.11.26"]
[SourceQuality "1"]

1. e4 d6 2. d4 Nf6 3. Nc3 g6 4. f4 Bg7 5. Nf3 c5 6. dxc5 Qa5 7. Bb5+ Bd7 8. Bxd7+ Nbxd7 9. 0-0 Qxc5+ 10. Kh1 Ng4 11. Nd4 Bxd4 12. Qxg4 Bxc3 13. bxc3 Qxc3 14. Rb1 Qxc2 15. Bb2 f6 16. e5 Qf5 17. Qf3 dxe5 18. Qxb7 0-0 19. Qd5+ Kg7 20. fxe5 Nb6 21. exf6+ exf6 22. Rxf5 Nxd5 23. Rxd5 Rf7 24. h3 1-0

[Event "Belgorod-ch"]
[Site "Belgorod"]
[Date "2007.05.29"]
[Round "10"]
[White "Lojko, Alexej"]
[Black "Miroshnikov, Evgenij V"]
[Result "1-0"]
[WhiteElo "2185"]
[BlackElo "2058"]
[PlyCount "39"]
[EventDate "2007.05.20"]
[EventType "tourn"]
[EventRounds "12"]
[EventCountry "RUS"]
[SourceTitle "EXT 2010"]
[Source "ChessBase"]
[SourceDate "2010.11.25"]
[SourceVersion "1"]
[SourceVersionDate "2010.11.25"]
[SourceQuality "1"]

1. d4 d5 2. c4 e6 3. Nc3 Nf6 4. cxd5 exd5 5. Bg5 Be7 6. e3 0-0 7. Bd3 b6 8. Bxf6 Bxf6 9. Qh5 h6 10. Qxd5 c6 11. Qe4 g6 12. Qf3 Bb7 13. 0-0-0 Nd7 14. Nge2 Qc7 15. e4 b5 16. h4 b4 17. Nb1 a5 18. h5 g5 19. e5 Be7 20. Qf5 1-0

[Event "Belgorod-ch"]
[Site "Belgorod"]
[Date "2007.05.28"]
[Round "9"]
[White "Miroshnikov, Evgenij V"]
[Black "Saakian, Felix"]
[Result "0-1"]
[WhiteElo "2058"]
[BlackElo "2111"]
[PlyCount "50"]
[EventDate "2007.05.20"]
[EventType "tourn"]
[EventRounds "12"]
[EventCountry "RUS"]
[SourceTitle "EXT 2010"]
[Source "ChessBase"]
[SourceDate "2010.11.25"]
[SourceVersion "1"]
[SourceVersionDate "2010.11.25"]
[SourceQuality "1"]

1. d4 Nf6 2. Nf3 g6 3. Bg5 Bg7 4. e3 0-0 5. c4 d6 6. Nc3 c5 7. Bd3 Bg4 8. d5 Nbd7 9. h3 Bxf3 10. Qxf3 Ne5 11. Qe2 Qa5 12. 0-0 e6 13. Bxf6 Bxf6 14. Ne4 Be7 15. f4 exd5 16. cxd5 Nxd3 17. Qxd3 f5 18. Ng5 Bxg5 19. fxg5 Rfe8 20. Rf4 Re5 21. e4 Qb4 22. Raf1 Rxe4 23. Rxe4 fxe4 24. Qg3 Qd4+ 25. Kh1 Qxd5 0-1

[Event "Belgorod Rector Cup-C 3rd"]
[Site "Belgorod"]
[Date "2007.03.04"]
[Round "1"]
[White "Saakian, Felix"]
[Black "Miroshnikov, Evgenij V"]
[Result "1-0"]
[WhiteElo "2111"]
[BlackElo "2058"]
[PlyCount "59"]
[EventDate "2007.03.04"]
[EventType "tourn"]
[EventRounds "9"]
[EventCountry "RUS"]
[SourceTitle "EXT 2010"]
[Source "ChessBase"]
[SourceDate "2010.11.25"]
[SourceVersion "1"]
[SourceVersionDate "2010.11.25"]
[SourceQuality "1"]

1. e4 d6 2. d4 Nf6 3. Nc3 g6 4. Be3 Bg7 5. f3 c6 6. Qd2 h5 7. 0-0-0 Qa5 8. Kb1 Nbd7 9. Nge2 b5 10. a3 0-0 11. h4 Bb7 12. Bh6 e5 13. Nc1 a6 14. g4 Rfd8 15. Bxg7 Kxg7 16. gxh5 Nxh5 17. Nb3 Qc7 18. Qg5 Rac8 19. Rg1 Ndf6 20. Bh3 Ra8 21. dxe5 dxe5 22. Nc5 Nf4 23. Bf5 Rxd1+ 24. Nxd1 Nh7 25. Qg4 Nf6 26. Qg3 Ne2 27. Ne6+ fxe6 28. Qxg6+ Kf8 29. Qxf6+ Qf7 30. Rg8+ 1-0